Zváranie veľkých hrúbok materiálu ČSN-13030 metódou pod roztavenou troskou /

Guardado en:
Detalles Bibliográficos
Autor principal: Višňovec, Ján (Autor)
Formato: Manuscrito Libro
Publicado: Bratislava : STU v Bratislave SjF, 1963
Etiquetas: Agregar Etiqueta
Sin Etiquetas, Sea el primero en etiquetar este registro!

MARC

LEADER 00000ntm a22000003a 4500
001 stu47353
005 20150617225711.6
008 ------s1963----cs----------------------d
040 |a STU  |b slo 
041 0
044 |a cs 
080 |a 621.791.73-52 
100 1 |a Višňovec, Ján  |4 aut 
245 1 |a Zváranie veľkých hrúbok materiálu ČSN-13030 metódou pod roztavenou troskou /  |c [aut.] Višňovec,Ján 
260 |a Bratislava :  |b STU v Bratislave SjF,  |c 1963 
300 |a 105 s 
996 |b 284J002714  |c J*10385/DIZ.  |l JJSK  |s A  |a 24  |w stu47353_0001